Income Tax Rules: (Record no. 200185)

MARC details
000 -LEADER
fixed length control field 00911nam a22002057a 4500
005 - DATE AND TIME OF LATEST TRANSACTION
control field 20240118121759.0
010 ## - LCCN (DPL NO)
LC control number B-756938-939
020 ## - INTERNATIONAL STANDARD BOOK NUMBER
International Standard Book Number 9789356226869
Terms of availability 2350.00 (With Return Forms For Assessement Year 2023-24)
035 ## - SYSTEM CONTROL NUMBER
System control number B-756938-939
037 ## - SOURCE OF ACQUISITION
Stock number Taxmann Publication Private Limited
082 ## - DEWEY DECIMAL CLASSIFICATION NUMBER
Classification number 343.54052
245 ## - TITLE STATEMENT
Title Income Tax Rules:
Statement of responsibility, etc Edit by U.K. Bhargava
250 ## - EDITION STATEMENT
Edition statement 60th
Remainder of edition statement 2023
260 ## - PUBLICATION, DISTRIBUTION, ETC. (IMPRINT)
Place of publication, distribution, etc New Delhi
Name of publisher, distributor, etc Taxmann Publication Private Limited
Date of publication, distribution, etc 2023
270 ## - ADDRESS
Address 59/32, New Rohtak Road, Karol Bagh
City New Delhi
Postal code 110005
300 ## - PHYSICAL DESCRIPTION
Extent Various Pages.
Dimensions 24cm(Pbk)
700 ## - ADDED ENTRY--PERSONAL NAME
Personal name Bhargava,U.K.
Relator term Editor
9 (RLIN) 61014
942 ## - ADDED ENTRY ELEMENTS (KOHA)
Source of classification or shelving scheme Dewey Decimal Classification
Item type English Books
Edition 60th
Classification part 343.54052
Call number suffix INC
Holdings
Withdrawn status Lost status Not for loan Collection code Home library Current library Date acquired Source of acquisition Cost, normal purchase price Full call number Barcode Copy number Cost, replacement price Koha item type
      Non-fiction Central Library Central Library 18/01/2024 Taxmann Publication Private Limited/00037/6.12.23/0070/6.12.23/11.12.23 2350.00 343.54052 INC B-756938 1 2350.00 English Books
      Non-fiction Sarojini Nagar Sarojini Nagar 18/01/2024 Taxmann Publication Private Limited/00037/6.12.23/0070/6.12.23/11.12.23 2350.00 343.54052 INC B-756939 1 2350.00 English Books

© Delhi Public Library
Hit Counter
free hit counter